[Event "5. HSK Weihnachts-Open 2019"]
[Site "Hamburg"]
[Date "2019.12.27"]
[Round "2.1"]
[White "Feuerstack, Aljoscha"]
[Black "Porth, Hartmut"]
[Result "1-0"]
[WhiteElo "2446"]
[BlackElo "2007"]
[PlyCount "39"]
[EventDate "2019.12.27"]

1. e4 Nc6 2. Nc3 e6 3. Nf3 d5 4. exd5 exd5 5. Bb5 a6 6. Qe2+ Be7 7. Bxc6+ bxc6
8. O-O Bg4 9. Re1 Nf6 10. d3 Bxf3 11. Qxf3 O-O 12. Ne2 Qd7 13. Nd4 Rfe8 14. Bg5
Bb4 15. c3 Rxe1+ 16. Rxe1 Re8 17. Rxe8+ Qxe8 18. Qe3 Be7 19. Bxf6 gxf6 20. Nf5
1-0

[Event "5. HSK Weihnachts-Open 2019"]
[Site "Hamburg"]
[Date "2019.12.27"]
[Round "2.2"]
[White "Keyser, Robin"]
[Black "Krause, Benedict"]
[Result "0-1"]
[WhiteElo "2022"]
[BlackElo "2423"]
[PlyCount "103"]
[EventDate "2019.12.27"]

1. d4 Nf6 2. c4 g6 3. g3 c6 4. Bg2 d5 5. Qa4 Bg7 6. cxd5 O-O 7. dxc6 Nxc6 8.
Nf3 Nd5 9. O-O Nb6 10. Qc2 Nxd4 11. Nxd4 Qxd4 12. Nc3 Qc4 13. Bd2 Bf5 14. e4
Be6 15. Rac1 Rac8 16. Qb1 Qb4 17. Be1 Qd4 18. Rd1 Qc5 19. Bd2 Nc4 20. Nd5 Bxd5
21. exd5 Nxb2 22. Rc1 Qd6 23. Bf4 Qd7 24. Qe4 Na4 25. Rfe1 Bf6 26. d6 exd6 27.
Qxb7 Qxb7 28. Bxb7 Rxc1 29. Rxc1 Nc3 30. Bf3 d5 31. Bd2 d4 32. Bxc3 dxc3 33.
Kf1 Rc8 34. Bd5 a5 35. Bb3 Ra8 36. Ba4 Rb8 37. Rc2 Kf8 38. Ke2 Rb4 39. Bb3 a4
40. Bd5 Ke7 41. Bc6 Kd6 42. Bf3 Kc5 43. Kd3 Rd4+ 44. Ke3 Bg5+ 45. Ke2 Bd2 46.
h3 Rd7 47. Be4 Kd4 48. Bc6 Re7+ 49. Kf3 a3 50. Bb5 f5 51. g4 Rb7 52. Ba4 0-1

[Event "5. HSK Weihnachts-Open 2019"]
[Site "Hamburg"]
[Date "2019.12.27"]
[Round "2.3"]
[White "Hochgräfe, Markus"]
[Black "Keyser, Philipp"]
[Result "1-0"]
[WhiteElo "2415"]
[BlackElo "1980"]
[PlyCount "41"]
[EventDate "2019.12.27"]

1. Nf3 c5 2. c4 Nc6 3. Nc3 e5 4. e3 Nf6 5. Be2 g6 6. d4 exd4 7. exd4 cxd4 8.
Nxd4 Bg7 9. Ndb5 O-O 10. Bf4 a6 11. Nd6 Qb6 12. Qd2 Qd4 13. Rd1 Qxd2+ 14. Rxd2
Rd8 15. Na4 Ne8 16. Nxc8 Raxc8 17. Nb6 Ne5 18. Nxc8 Rxc8 19. Bxe5 Bxe5 20. Rxd7
Bxb2 21. O-O 1-0

[Event "5. HSK Weihnachts-Open 2019"]
[Site "Hamburg"]
[Date "2019.12.27"]
[Round "2.4"]
[White "Thieme, Daniel Otis"]
[Black "Pfreundt, Jakob"]
[Result "0-1"]
[WhiteElo "1983"]
[BlackElo "2409"]
[PlyCount "90"]
[EventDate "2019.12.27"]

1. c4 g6 2. Nc3 Bg7 3. g3 d6 4. Bg2 Nc6 5. e3 e5 6. Nge2 f5 7. d4 Nf6 8. b4 O-O
9. b5 Ne7 10. dxe5 dxe5 11. Ba3 Qe8 12. Qb3 Qf7 13. Nd5 Nexd5 14. Bxf8 Nxe3 15.
Bxg7 Nxg2+ 16. Kf1 Kxg7 17. Kxg2 b6 18. Rhd1 Bb7+ 19. Kg1 Ne4 20. Qe3 Re8 21.
Rac1 Nc5 22. Rc2 Qf6 23. Rcd2 Rf8 24. Nc3 f4 25. gxf4 Qxf4 26. Nd5 Qxe3 27.
Nxe3 Bf3 28. Re1 e4 29. Rd4 Rf7 30. Rb1 Ne6 31. Rd5 Nf4 32. Rd8 Be2 33. Rb2 h5
34. Rbd2 Bd3 35. h4 {(=)} Ne6 36. Rd5 Rf4 37. Rd7+ Kh6 38. Nd5 Rg4+ 39. Kh1
Rxh4+ 40. Kg1 Ng5 41. Kg2 Rg4+ 42. Kh1 Nf3 43. Rd1 Rh4+ 44. Kg2 Rh2+ 45. Kg3
Kg5 0-1

[Event "5. HSK Weihnachts-Open 2019"]
[Site "Hamburg"]
[Date "2019.12.27"]
[Round "2.5"]
[White "Ertan, Can"]
[Black "Kurth, Michael"]
[Result "1-0"]
[WhiteElo "2373"]
[BlackElo "1971"]
[PlyCount "52"]
[EventDate "2019.12.27"]

1. e4 c5 2. Nf3 Nc6 3. d4 cxd4 4. Nxd4 Nf6 5. Nc3 e6 6. Ndb5 d6 7. Bg5 a6 8.
Bxf6 gxf6 9. Nd4 e5 10. Nf5 Bxf5 11. exf5 Nd4 12. Bc4 Rc8 13. Bd5 h5 14. O-O
Be7 15. Be4 Qd7 16. Nd5 Bd8 17. c3 Nb5 18. Qf3 Kf8 19. Qe3 Rc5 20. Rad1 Rc6 21.
a4 Nc7 22. Nb6 Qe8 23. Bxc6 Qxc6 24. a5 Be7 25. c4 h4 26. h3 Rh5 {und wenig
später:} 1-0

[Event "5. HSK Weihnachts-Open 2019"]
[Site "Hamburg"]
[Date "2019.12.27"]
[Round "2.6"]
[White "Giraud, Valerian"]
[Black "Trisic, Aleksandar"]
[Result "1-0"]
[WhiteElo "1972"]
[BlackElo "2328"]
[PlyCount "69"]
[EventDate "2019.12.27"]

1. d4 Nf6 2. Bf4 c5 3. e3 e6 4. c3 Nc6 5. Nd2 Be7 6. Bd3 O-O 7. h3 b6 8. Ngf3
Bb7 9. O-O d6 10. Qe2 Qc7 11. Bh2 Rfc8 12. dxc5 bxc5 13. Rfd1 Rab8 14. Nc4 e5
15. e4 Bf8 16. Rd2 g6 17. Rad1 Bh6 18. Ne3 Ne7 19. Bb1 Ne8 20. Nxe5 Rd8 21.
N5c4 Ba6 22. Bd3 Nc8 23. Nd5 Qd7 24. Bf4 Bxf4 25. Nxf4 Qe7 26. Nxd6 Bxd3 27.
Nxc8 Rdxc8 28. Rxd3 Qe5 29. Nd5 Rb7 30. f4 Qe6 31. Qg4 Kf8 32. f5 gxf5 33. exf5
Qh6 34. Rg3 Qg7 35. Qh4 1-0

[Event "5. HSK Weihnachts-Open 2019"]
[Site "Hamburg"]
[Date "2019.12.27"]
[Round "2.7"]
[White "Jahncke, Giso"]
[Black "Jablonowski, Christoph"]
[Result "1-0"]
[WhiteElo "2320"]
[BlackElo "1969"]
[PlyCount "59"]
[EventDate "2019.12.27"]

1. d4 Nf6 2. c4 g6 3. Nc3 Bg7 4. e4 d6 5. f3 O-O 6. Nge2 c5 7. Be3 Nc6 8. d5
Ne5 9. Ng3 e6 10. Be2 exd5 11. cxd5 h5 12. O-O h4 13. Nh1 Nh7 14. f4 Nd7 15.
Nf2 a6 16. a4 f5 17. Qd2 Re8 18. exf5 gxf5 19. Rae1 Ndf6 20. Bd3 Bd7 21. Qc2
Qc8 22. b3 b6 23. Bc1 Nf8 24. Nfd1 Ng6 25. Ne3 Ne7 26. Bb2 Ng4 27. Nxg4 fxg4
28. Ne4 Nxd5 29. Bc4 Qc6 30. Ng5 1-0

[Event "5. HSK Weihnachts-Open 2019"]
[Site "Hamburg"]
[Date "2019.12.27"]
[Round "2.9"]
[White "Hourigan, Gerrit"]
[Black "Sonntag, Sven"]
[Result "1/2-1/2"]
[WhiteElo "2301"]
[BlackElo "1954"]
[PlyCount "159"]
[EventDate "2019.12.27"]

1. e4 d6 2. d4 Nf6 3. Nc3 Nbd7 4. Nf3 e5 5. Bc4 Be7 6. O-O O-O 7. Re1 c6 8. a4
Qc7 9. a5 exd4 10. Nxd4 Ne5 11. Bb3 Bg4 12. f3 Bd7 13. Be3 b5 14. axb6 axb6 15.
h3 b5 16. f4 Rxa1 17. Qxa1 Nc4 18. Bxc4 bxc4 19. Qa6 Rb8 20. Bc1 d5 21. exd5
Bc5 22. Qxc4 Qa7 23. Be3 Rb4 24. Qa2 Qxa2 25. Nxa2 Rxd4 26. dxc6 Bxc6 27. Bxd4
Bxd4+ 28. Kh2 Bxb2 29. Rb1 Ba3 30. Rb8+ Bf8 31. Nb4 Be8 32. Nd3 g5 33. g4 Bd6
34. Rd8 Be7 35. Ra8 h6 36. Kg3 Kg7 37. fxg5 hxg5 38. Ra6 Bb5 39. Rb6 Bd6+ 40.
Kf3 Bxd3 41. cxd3 Bf4 42. Rb5 Ne8 43. h4 Nd6 44. Ra5 f6 45. Ra7+ Kg6 46. d4 Kh6
47. Re7 Nb5 48. Ke4 Nd6+ 49. Kf3 Nb5 50. Rd7 Nd6 51. Rd8 Kg7 52. Rd7+ Kg6 53.
Re7 Nb5 54. h5+ Kh6 55. Ke4 f5+ 56. Kxf5 Nxd4+ 57. Kf6 Nf3 58. Re8 Kh7 59. Re7+
Kh6 60. Kf5 Nd4+ 61. Ke4 Nb5 62. Re6+ Kg7 63. Rb6 Nc3+ 64. Kf5 Nd5 65. Rb7+ Kh6
66. Ke4 Ne3 67. Kf3 Nd5 68. Rf7 Nc3 69. Rf5 Nb1 70. Ke2 Nc3+ 71. Kd3 Nd1 72.
Ke2 Ne3 73. Rf6+ Kg7 74. Rg6+ Kf7 75. Kf3 Nc4 76. Ke4 Ne5 77. Ra6 Nxg4 78. Kf5
Ne3+ 79. Ke4 Kg7 80. Rg6+ 1/2-1/2

[Event "5. HSK Weihnachts-Open 2019"]
[Site "Hamburg"]
[Date "2019.12.27"]
[Round "2.10"]
[White "Renger, Maik"]
[Black "Ritscher, Jan-Paul"]
[Result "0-1"]
[WhiteElo "1959"]
[BlackElo "2253"]
[PlyCount "90"]
[EventDate "2019.12.27"]

1. d4 f5 2. e4 fxe4 3. Nc3 Nf6 4. Bg5 g6 5. Bxf6 exf6 6. Nxe4 Bg7 7. Nf3 O-O 8.
Be2 d5 9. Ned2 c6 10. O-O Bf5 11. Re1 Qd6 12. Nf1 Nd7 13. Ne3 Be6 14. c3 Bh6
15. Bd3 Rfe8 16. Qc2 Nf8 17. h4 Bd7 18. h5 Bxe3 19. fxe3 gxh5 20. Qf2 Re7 21.
Nh4 Rae8 22. Bf5 Rg7 23. Bxd7 Qxd7 24. Nf5 Rg5 25. Rf1 Qe6 26. Rae1 Nd7 27. Qf4
Kh8 28. Re2 b6 29. Rf3 a5 30. Ng3 Qg4 31. Nf5 Qxf4 32. Rxf4 Re6 33. Kf2 Nf8 34.
Ng3 Ng6 35. Rf5 Rxf5+ 36. Nxf5 Ne7 37. Ng3 h4 38. Nh5 Kg8 39. Kf3 f5 40. g3
hxg3 41. Rg2 Kf7 42. Nxg3 Rh6 43. Kf4 Kf6 44. Rg1 Rh2 45. Rb1 Rf2# 0-1

[Event "5. HSK Weihnachts-Open 2019"]
[Site "Hamburg"]
[Date "2019.12.27"]
[Round "2.12"]
[White "Nyenhuis, Yannek"]
[Black "Schroeder, Christoph"]
[Result "0-1"]
[WhiteElo "1951"]
[BlackElo "2159"]
[PlyCount "55"]
[EventDate "2019.12.27"]

1. d4 e6 2. Nf3 d5 3. Bf4 c5 4. e3 Nc6 5. c3 Bd6 6. Bg3 Nf6 7. Nbd2 O-O 8. Bd3
b6 9. Qe2 Bb7 10. Rd1 Re8 11. e4 Be7 12. e5 Nh5 13. a3 g6 14. Nf1 cxd4 15. cxd4
f5 16. exf6 Bxf6 17. Ne5 Bxe5 18. Bxe5 Nxe5 19. dxe5 Nf4 20. Qg4 Nxd3+ 21. Rxd3
Ba6 22. Rc3 d4 23. Rc1 Qd5 24. Nd2 Rac8 25. Rd1 Qxe5+ 26. Qe4 Qb5 27. b4 Rc3
28. Nb1 0-1

[Event "5. HSK Weihnachts-Open 2019"]
[Site "Hamburg"]
[Date "2019.12.27"]
[Round "2.13"]
[White "Popvasilev, Kaloyan"]
[Black "Atri, Jamshid"]
[Result "1-0"]
[WhiteElo "2133"]
[BlackElo "1917"]
[PlyCount "67"]
[EventDate "2019.12.27"]

1. e4 e5 2. Nf3 Nc6 3. Nc3 Nf6 4. Bb5 Nd4 5. Nxe5 Qe7 6. f4 Nxb5 7. Nxb5 d6 8.
Nf3 Qxe4+ 9. Kf2 Ng4+ 10. Kg3 Qg6 11. Nh4 Qf6 12. h3 Nh6 13. Nxc7+ Kd8 14. Nd5
Nf5+ 15. Nxf5 Qxf5 16. Ne3 Qg6+ 17. Kh2 f5 18. Qf3 Rb8 19. a4 Qf7 20. Ra3 Bd7
21. Nd5 Bc6 22. Rd3 Bxa4 23. b3 Bc6 24. c4 Rg8 25. Bb2 Kc8 26. Ra1 b6 27. Ne7+
Qxe7 28. Qxc6+ Qc7 29. Qd5 Rh8 30. Qxf5+ Kb7 31. Qd5+ Kc8 32. Re3 Qd7 33. Rxa7
Qxa7 34. Qc6+ 1-0

[Event "5. HSK Weihnachts-Open 2019"]
[Site "Hamburg"]
[Date "2019.12.27"]
[Round "2.14"]
[White "Grunert, Friedrich"]
[Black "Falke, Isaak"]
[Result "0-1"]
[WhiteElo "1930"]
[BlackElo "2107"]
[PlyCount "46"]
[EventDate "2019.12.27"]

1. d4 d5 2. c4 c6 3. Nf3 Nf6 4. e3 Bf5 5. Nh4 Be4 6. f3 Bxb1 7. Rxb1 e6 8. f4
Bb4+ 9. Ke2 dxc4 10. Qa4 a5 11. Qc2 b5 12. g3 Nbd7 13. Bg2 Rc8 14. e4 c5 15. d5
exd5 16. exd5 a4 17. Bd2 O-O 18. d6 Re8+ 19. Kf2 Ng4+ 20. Kf3 Ndf6 21. Nf5 Qd7
22. Ne3 Rxe3+ 23. Bxe3 Qc6+ 0-1

[Event "5. HSK Weihnachts-Open 2019"]
[Site "Hamburg"]
[Date "2019.12.27"]
[Round "2.15"]
[White "Wanner, Lukas"]
[Black "Egelriede, Nikolas"]
[Result "1-0"]
[WhiteElo "2099"]
[BlackElo "1865"]
[PlyCount "91"]
[EventDate "2019.12.27"]

1. c4 c6 2. g3 Nf6 3. Bg2 d5 4. Nf3 Nbd7 5. O-O e5 6. d4 e4 7. Nfd2 Be7 8. Nc3
O-O 9. cxd5 cxd5 10. Qb3 Nb6 11. a4 a5 12. f3 Be6 13. e3 exf3 14. Nxf3 Nc4 15.
Ne2 Bb4 16. Qd3 Ne4 17. b3 Ncd6 18. Bb2 Bf5 19. Qd1 Qe7 20. Nf4 Be6 21. Rc1
Rac8 22. Qd3 Nf5 23. Rfd1 Ba3 24. Bxa3 Qxa3 25. Rxc8 Rxc8 26. Ne2 Qb4 27. Nd2
Nc3 28. Re1 Nxe2+ 29. Qxe2 Rc2 30. Rd1 Qc3 31. Kf2 Nd6 32. Ke1 Ne4 33. Bxe4
dxe4 34. d5 Bxd5 35. Kf1 Qf6+ 36. Kg1 g6 37. Qb5 Qg5 38. Nc4 Rxc4 39. bxc4
Qxe3+ 40. Kf1 Qf3+ 41. Ke1 Qc3+ 42. Kf2 e3+ 43. Kg1 Bc6 44. Qc5 e2 45. Rd8+ Kg7
46. Qf8+ 1-0

[Event "5. HSK Weihnachts-Open 2019"]
[Site "Hamburg"]
[Date "2019.12.27"]
[Round "2.16"]
[White "Schwarzkopf, Jörg"]
[Black "Callsen, Niklas"]
[Result "0-1"]
[WhiteElo "1874"]
[BlackElo "2072"]
[PlyCount "46"]
[EventDate "2019.12.27"]

1. e4 c5 2. c3 Nf6 3. e5 Nd5 4. Bc4 e6 5. d4 d6 6. exd6 Bxd6 7. Nf3 O-O 8. O-O
Nc6 9. Re1 h6 10. a3 Qc7 11. Bxd5 exd5 12. dxc5 Bxc5 13. Qxd5 Ne7 14. Qb3 Be6
15. Qc2 Bg4 16. Nbd2 Rfe8 17. Ne4 Bxf3 18. Nxc5 Qxc5 19. Be3 Qh5 20. gxf3 Ng6
21. Kg2 Nh4+ 22. Kg3 Qxf3+ 23. Kxh4 Re5 0-1

[Event "5. HSK Weihnachts-Open 2019"]
[Site "Hamburg"]
[Date "2019.12.27"]
[Round "2.18"]
[White "Schmid, Janusch"]
[Black "Szobries, Torsten"]
[Result "1/2-1/2"]
[WhiteElo "1845"]
[BlackElo "2034"]
[PlyCount "107"]
[EventDate "2019.12.27"]

1. d4 e6 2. c4 Nf6 3. Nc3 Bb4 4. Nf3 Nc6 5. Bg5 h6 6. Bf4 Bxc3+ 7. bxc3 d6 8.
e3 Qe7 9. Bg3 e5 10. d5 Nb8 11. Be2 Na6 12. Qc2 Nc5 13. Nd2 O-O 14. e4 Nh7 15.
Nb3 b6 16. Nxc5 bxc5 17. O-O f5 18. exf5 Bxf5 19. Qd2 Rab8 20. Rae1 Qd7 21. Bd3
Bxd3 22. Qxd3 Qf5 23. Qxf5 Rxf5 24. Rb1 Rff8 25. f3 Nf6 26. Kf2 Ne4+ 27. Ke3
Nxc3 28. Rb3 Na4 29. Rfb1 Nb6 30. Kd3 Kf7 31. Be1 Ke7 32. Bd2 Kd7 33. a4 Kc8
34. a5 Nd7 35. Rxb8+ Nxb8 36. Ke4 Nd7 37. Rb3 Rf7 38. g3 h5 39. Rb1 g6 40. Rb3
Nf6+ 41. Ke3 c6 42. dxc6 Rc7 43. Kd3 Rxc6 44. Bg5 Nd7 45. Ke4 Ra6 46. Ra3 Nb8
47. Kd5 Kd7 48. f4 Nc6 49. fxe5 Nxe5 50. Bf4 Ng4 51. Bg5 Ne5 52. Bf4 Ng4 53.
Bg5 Ne5 54. Bf4 1/2-1/2

[Event "5. HSK Weihnachts-Open 2019"]
[Site "Hamburg"]
[Date "2019.12.27"]
[Round "2.19"]
[White "Mi, Gufeng"]
[Black "Andris, Valentin"]
[Result "0-1"]
[WhiteElo "1541"]
[BlackElo "1828"]
[PlyCount "118"]
[EventDate "2019.12.27"]

1. d4 Nf6 2. Nf3 c5 3. c3 b6 4. Bf4 g6 5. e3 Bg7 6. Be2 Bb7 7. h3 O-O 8. Nbd2
d6 9. O-O Nbd7 10. Qc2 a6 11. e4 Rc8 12. d5 b5 13. c4 b4 14. Rfe1 a5 15. b3 Nh5
16. Bh2 Bxa1 17. Rxa1 f6 18. g4 Ng7 19. Nh4 g5 20. Nf5 Nxf5 21. gxf5 Ra8 22.
Bh5 Ne5 23. f4 gxf4 24. Bxf4 Kh8 25. Bxe5 fxe5 26. Kh2 Rg8 27. Bf7 Rg7 28. Bh5
Qf8 29. Nf3 Qf6 30. Rg1 Rxg1 31. Nxg1 Qh6 32. Qe2 a4 33. Bf7 Qf4+ 34. Kh1 axb3
35. axb3 Ra1 36. Qg2 Ra8 37. Ne2 Qh6 38. Ng3 Qg7 39. Bh5 Ra3 40. Qf3 Qg5 41.
Bg4 Qc1+ 42. Kg2 Qc2+ 43. Ne2 Rxb3 44. Qf2 Qxe4+ 45. Kh2 Rb2 46. f6 Rxe2 47.
Bxe2 exf6 48. Qxf6+ Kg8 49. Qd8+ Kg7 50. Qe7+ Kg6 51. Qxd6+ Kg5 52. Qe7+ Kf4
53. Qh4+ Ke3 54. Qg5+ Kxe2 55. Qh5+ Ke3 56. Qd1 Qf4+ 57. Kg1 Qg3+ 58. Kh1 Qf3+
59. Qxf3+ Kxf3 0-1

[Event "5. HSK Weihnachts-Open 2019"]
[Site "Hamburg"]
[Date "2019.12.27"]
[Round "2.20"]
[White "Zierott, Jan"]
[Black "Roth, Paul Konstantin"]
[Result "1-0"]
[WhiteElo "1803"]
[BlackElo "1501"]
[PlyCount "61"]
[EventDate "2019.12.27"]

1. d4 Nf6 2. Bf4 e6 3. Nf3 Bb4+ 4. c3 Bd6 5. Bg5 Be7 6. Nbd2 d5 7. Qc2 Nbd7 8.
e3 c5 9. Be2 c4 10. e4 O-O 11. exd5 exd5 12. O-O h6 13. Bh4 Re8 14. Rfe1 Nf8
15. Ne5 a5 16. Bf3 Be6 17. b3 Rc8 18. bxc4 dxc4 19. Bxb7 Rc7 20. Nc6 Qd7 21.
Nxe7+ Rxe7 22. Bxf6 gxf6 23. Ne4 Kg7 24. Ba6 Bf5 25. a4 Qd5 26. f3 Re6 27. Bb5
Rce7 28. Qa2 Rc7 29. Nc5 Rxe1+ 30. Rxe1 Bd3 31. Nxd3 1-0

[Event "5. HSK Weihnachts-Open 2019"]
[Site "Hamburg"]
[Date "2019.12.27"]
[Round "2.21"]
[White "Schulze, Tim"]
[Black "Nickel, Jonas"]
[Result "1/2-1/2"]
[WhiteElo "1496"]
[BlackElo "1793"]
[PlyCount "72"]
[EventDate "2019.12.27"]

1. d4 d5 2. Bf4 c5 3. c3 Nc6 4. e3 Qb6 5. Qc2 cxd4 6. cxd4 Bf5 7. Qb3 Qxb3 8.
axb3 Nb4 9. Bb5+ Kd8 10. Kd2 Nc2 11. Ra4 e6 12. Nf3 a6 13. Ne5 Ke7 14. g4 f6
15. gxf5 fxe5 16. Bxe5 Kf7 17. Bd3 Nb4 18. fxe6+ Kxe6 19. Be2 h5 20. Rc1 Nc6
21. Bf4 Be7 22. Nc3 g5 23. Bc7 Rf8 24. f4 g4 25. Bxa6 Rc8 26. Bxb7 Rxc7 27. Ra6
Rxb7 28. Rxc6+ Kf7 29. Nxd5 Rxb3 30. Kc2 Rb5 31. e4 Nf6 32. Nxe7 Kxe7 33. Rc7+
Kd6 34. Kd3 Rb3+ 35. R1c3 Rxc3+ 36. Rxc3 Nd7 1/2-1/2

[Event "5. HSK Weihnachts-Open 2019"]
[Site "Hamburg"]
[Date "2019.12.27"]
[Round "2.22"]
[White "Wulf, Constanze"]
[Black "Hinrichs, Winfried"]
[Result "1/2-1/2"]
[WhiteElo "1792"]
[BlackElo "1493"]
[PlyCount "58"]
[EventDate "2019.12.27"]

1. Nf3 Nf6 2. e3 g6 3. Be2 Bg7 4. c4 c5 5. O-O O-O 6. Nc3 Nc6 7. d4 cxd4 8.
exd4 d5 9. Re1 e6 10. Bg5 dxc4 11. Bxc4 Ne7 12. Qb3 h6 {(=)} 13. Bh4 Nf5 14.
Rad1 Nxh4 15. Nxh4 Nd7 16. Nf3 a6 17. Bd3 b5 18. Ne4 Bb7 19. a4 Bxe4 20. Bxe4
Rb8 21. axb5 Rxb5 22. Qa3 Qb6 23. Ra1 Nf6 24. Bd3 Rb3 25. Qxa6 Rxb2 26. Qc4 Qb3
27. Qa6 Nd5 28. Bc4 Qb8 29. Ne5 Nb4 1/2-1/2

[Event "5. HSK Weihnachts-Open 2019"]
[Site "Hamburg"]
[Date "2019.12.27"]
[Round "2.23"]
[White "Falke, Ornella"]
[Black "Chmielewski, Axel"]
[Result "1-0"]
[WhiteElo "1486"]
[BlackElo "1790"]
[PlyCount "81"]
[EventDate "2019.12.27"]

1. f4 d5 2. e3 Nf6 3. c4 e6 4. Nf3 Be7 5. b3 O-O 6. Be2 b6 7. Bb2 Bb7 8. O-O c5
9. Qc2 Nc6 10. cxd5 Nb4 11. Qc1 Qxd5 12. Nc3 Qd8 13. Ne5 Nd7 14. Nxd7 Qxd7 15.
d3 Rfd8 16. Rd1 Rac8 17. a3 Nd5 18. Ne4 Qb5 19. Rb1 Qe8 20. Ng5 h6 21. Nf3 Bd6
22. Ne5 f6 23. Nc4 Bb8 24. Rf1 b5 25. Na5 Ba8 26. e4 Ne7 27. Qe3 Bc7 28. b4 Bb6
29. Nb3 cxb4 30. d4 Qg6 31. Qh3 Bxe4 32. Bh5 Qf5 33. Bg4 Qg6 34. Bxe6+ Kh8 35.
f5 Qg5 36. Rbe1 Rc2 37. Bc1 Rxg2+ 38. Kh1 Rd2+ 39. Rxe4 R8xd4 40. Rxd4 Bxd4 41.
Bxd2 1-0

[Event "5. HSK Weihnachts-Open 2019"]
[Site "Hamburg"]
[Date "2019.12.27"]
[Round "2.24"]
[White "Floren, Dieter"]
[Black "Lohkamp, Rolf"]
[Result "1-0"]
[WhiteElo "1703"]
[BlackElo "1452"]
[PlyCount "65"]
[EventDate "2019.12.27"]

1. e4 c6 2. d4 d5 3. exd5 cxd5 4. c4 Nf6 5. Nc3 Bf5 6. Qb3 b6 7. cxd5 Ne4 8.
Nxe4 Bxe4 9. Bb5+ Nd7 10. f3 Bg6 11. Ne2 a6 12. Bc6 b5 13. Bf4 Qa5+ 14. Nc3 Qb6
15. Rd1 Rc8 16. O-O Rxc6 17. dxc6 Qxc6 18. Rfe1 e6 19. d5 Qb6+ 20. Be3 Bc5 21.
Ne4 Bxe4 22. fxe4 Bxe3+ 23. Qxe3 Qxe3+ 24. Rxe3 e5 25. Rc1 O-O 26. Rc6 Nb8 27.
Rc7 a5 28. Rc5 Nd7 29. Rxb5 Rc8 30. Rc3 Ra8 31. Kf2 Nf6 32. Kf3 Ne8 33. Rbc5
1-0

[Event "5. HSK Weihnachts-Open 2019"]
[Site "Hamburg"]
[Date "2019.12.27"]
[Round "2.25"]
[White "Queißer, Jens"]
[Black "Grunert, Wilhelm"]
[Result "1/2-1/2"]
[WhiteElo "1429"]
[BlackElo "1699"]
[PlyCount "108"]
[EventDate "2019.12.27"]

1. g3 d5 2. Bg2 g6 3. Nf3 Bg7 4. O-O Nf6 5. d3 O-O 6. Nbd2 Nc6 7. c3 e5 8. Qc2
e4 9. dxe4 dxe4 10. Nxe4 Nxe4 11. Qxe4 Bf5 12. Qh4 Bf6 13. Bg5 Be7 14. Rad1 Qe8
15. Bxe7 Qxe7 16. Qxe7 Nxe7 17. Nd4 Rab8 18. Nxf5 Nxf5 19. Rd7 Rfc8 20. e4 Nd6
21. b3 Kf8 22. e5 Ke8 23. Bh3 Nb5 24. e6 Nd6 25. exf7+ Kf8 26. Re1 b6 27. Ree7
c5 28. Rxa7 Rd8 29. f3 Nb5 30. Rad7 Nxc3 31. Rxd8+ Rxd8 32. Re8+ Rxe8 33.
fxe8=Q+ Kxe8 34. a4 Ke7 35. Kf2 Kd6 36. Bf1 Ke5 37. h4 Kd4 38. g4 Nb1 39. Bc4
Nd2 40. Bg8 h6 41. g5 hxg5 42. hxg5 Kc3 43. Bf7 Nxb3 44. Bxg6 Nd4 45. Bf7 Nf5
46. g6 c4 47. f4 Kd3 48. Be6 Ng7 49. f5 c3 50. f6 c2 51. fxg7 c1=Q 52. Bf5+ Kd4
53. g8=Q Qf4+ 54. Kg2 Qg5+ 1/2-1/2

[Event "5. HSK Weihnachts-Open 2019"]
[Site "Hamburg"]
[Date "2019.12.27"]
[Round "2.26"]
[White "Bloh, Fabian"]
[Black "Echt, Pascal"]
[Result "1-0"]
[WhiteElo "1695"]
[BlackElo "1428"]
[PlyCount "97"]
[EventDate "2019.12.27"]

1. e4 e5 2. Nf3 Nc6 3. Bc4 Bc5 4. c3 Nf6 5. d3 d6 6. Nbd2 a6 7. Bb3 Na5 8. Bc2
Ba7 9. b4 Nc6 10. O-O O-O 11. h3 Ne7 12. Re1 Ng6 13. Nf1 Be6 14. Be3 h6 15.
Bxa7 Rxa7 16. Ng3 Qd7 17. d4 c6 18. Nf5 b5 19. a4 Bc4 20. axb5 cxb5 21. Qd2 Kh7
22. Ra5 Qc7 23. Rea1 Rfa8 24. g3 d5 25. dxe5 Nxe4 26. Qd4 Ng5 27. Nxg5+ hxg5
28. Nd6 Qd7 29. Nxc4 dxc4 30. Qxd7 Rxd7 31. Rxa6 Rxa6 32. Rxa6 Rd2 33. Bxg6+
fxg6 34. e6 Re2 35. Kf1 Re5 36. Rb6 g4 37. hxg4 g5 38. f4 gxf4 39. gxf4 Re4 40.
Rxb5 Rxf4+ 41. Kg2 Rxg4+ 42. Kf3 Rg1 43. Re5 Rf1+ 44. Ke4 Rf8 45. e7 Re8 46.
Kf5 Kg8 47. Ke6 g6 48. Kd7 Kf7 49. Re1 1-0

[Event "5. HSK Weihnachts-Open 2019"]
[Site "Hamburg"]
[Date "2019.12.27"]
[Round "2.27"]
[White "Fuhrmann, Jeppe"]
[Black "Neumann, Oskar"]
[Result "1/2-1/2"]
[WhiteElo "1327"]
[BlackElo "1682"]
[PlyCount "86"]
[EventDate "2019.12.27"]

1. e4 c5 2. Nf3 e6 3. d4 cxd4 4. Nxd4 a6 5. Be2 Nf6 6. Nc3 Qc7 7. O-O b5 8. a4
b4 9. Na2 Nxe4 10. Bf3 Bb7 11. Re1 d5 12. Bxe4 dxe4 13. c3 e5 14. Nf5 a5 15.
Ng3 Na6 16. Nxe4 Bxe4 17. Rxe4 Nc5 18. Qd5 Rd8 19. Qxe5+ Qxe5 20. Rxe5+ Ne6 21.
Be3 b3 22. Rxa5 bxa2 23. Kf1 g6 24. Rxa2 Bg7 25. c4 Rb8 26. Rb5 Rxb5 27. cxb5
Bd4 28. Bxd4 Nxd4 29. b4 Ke7 30. Rd2 Nf5 31. a5 Nd6 32. b6 Kd7 33. b5 Ke6 34.
Rb2 Kd5 35. a6 Kc5 36. b7 Kb6 37. Ke2 Rd8 38. Rb1 Ka7 39. Kf1 Re8 40. Rb3 Nc4
41. Rd3 Nb6 42. g3 Na4 43. Rd4 Nc5 1/2-1/2

[Event "5. HSK Weihnachts-Open 2019"]
[Site "Hamburg"]
[Date "2019.12.27"]
[Round "2.28"]
[White "Bauer, Marcus"]
[Black "Meyer, Harald"]
[Result "1/2-1/2"]
[WhiteElo "1682"]
[BlackElo "1298"]
[PlyCount "89"]
[EventDate "2019.12.27"]

1. e4 e5 2. Nf3 Nf6 3. Nxe5 Nxe4 4. Qe2 d6 5. Qxe4 Qe7 6. d4 Nc6 7. Bb5 Bd7 8.
O-O dxe5 9. Bxc6 Bxc6 10. Qxe5 Qxe5 11. dxe5 O-O-O 12. Bf4 Bc5 13. Nc3 Rhe8 14.
Rad1 Bd4 15. Rfe1 Re6 16. Bg5 Rd7 17. Bf4 h6 18. Rd3 f6 19. Red1 fxe5 20. Bg3
g5 21. h3 Bxc3 22. bxc3 e4 23. Rd4 e3 24. Rxd7 Bxd7 25. fxe3 Rxe3 26. Rd3 Re2
27. Rf3 Be8 28. Rf2 Rxf2 29. Kxf2 Bg6 30. Ke3 Kd7 31. Kd4 c6 32. Ke5 Bxc2 33.
Bf2 a5 34. Kf6 Be4 35. g3 Bg2 36. h4 gxh4 37. gxh4 h5 38. Ke5 b5 39. Kd4 a4 40.
a3 Kd6 41. Bg3+ Kd7 42. Kc5 Bd5 43. Bf4 Bf7 44. Bg5 Be6 45. Bf6 1/2-1/2

[Event "5. HSK Weihnachts-Open 2019"]
[Site "Hamburg"]
[Date "2019.12.27"]
[Round "2.30"]
[White "Hermes, Simon"]
[Black "Mago, Helmut"]
[Result "1-0"]
[WhiteElo "1673"]
[BlackElo "1247"]
[PlyCount "67"]
[EventDate "2019.12.27"]

1. d4 Nf6 2. Bf4 e6 3. e3 d5 4. Nd2 c5 5. c3 Nc6 6. Ngf3 Be7 7. h3 Bd6 8. Ne5
Bxe5 9. dxe5 Nd7 10. Nf3 Qc7 11. Bb5 a6 12. Bxc6 Qxc6 13. O-O O-O 14. Rc1 f6
15. exf6 Nxf6 16. Ne5 Qe8 17. c4 Qd8 18. cxd5 Nxd5 19. Bg3 Qe7 20. Qe2 b6 21.
Rfd1 Bb7 22. e4 Nf6 23. f3 a5 24. Nc4 Ba6 25. Bd6 Qe8 26. Bxf8 Qxf8 27. Qd2 Rd8
28. Qxd8 Bxc4 29. Qxf8+ Kxf8 30. Rxc4 Ke7 31. Rc2 g6 32. Rcd2 c4 33. Rd8 b5 34.
Ra8 1-0

[Event "5. HSK Weihnachts-Open 2019"]
[Site "Hamburg"]
[Date "2019.12.27"]
[Round "2.31"]
[White "Englert, Barbara"]
[Black "Gonzales Leon, Heriberto"]
[Result "0-1"]
[WhiteElo "1240"]
[BlackElo "1666"]
[PlyCount "70"]
[EventDate "2019.12.27"]

1. e4 e5 2. Nf3 Nc6 3. d4 exd4 4. Nxd4 Bc5 5. Be3 Qe7 6. Be2 Bb4+ 7. c3 Ba5 8.
b4 Bb6 9. Bf3 d6 10. O-O Ne5 11. Nf5 Bxf5 12. exf5 c6 13. Be2 Nf6 14. Nd2 Nd5
15. Bd4 c5 16. bxc5 Bxc5 17. Bb5+ Kf8 18. Bxc5 dxc5 19. Re1 Qc7 20. Qb3 Ne7 21.
f6 gxf6 22. Nc4 Ng4 23. g3 a6 24. Qa4 Rd8 25. Qa5 Qxa5 26. Nxa5 axb5 27. Nxb7
Rd2 28. Rad1 Rxd1 29. Rxd1 Kg7 30. h3 Ne5 31. Nxc5 Rc8 32. Ne4 Ra8 33. Ra1 Nc4
34. g4 Nd5 35. Ng3 Nxc3 0-1

[Event "5. HSK Weihnachts-Open 2019"]
[Site "Hamburg"]
[Date "2019.12.27"]
[Round "2.32"]
[White "Von Rosen, Jakob"]
[Black "Grunert, Heinrich"]
[Result "1-0"]
[WhiteElo "1665"]
[BlackElo "1239"]
[PlyCount "53"]
[EventDate "2019.12.27"]

1. e4 e5 2. Nf3 Nc6 3. Bc4 Bc5 4. O-O Nf6 5. d3 d6 6. c3 d5 7. exd5 Nxd5 8. Re1
O-O 9. Nxe5 Nxe5 10. Rxe5 c6 11. d4 Bd6 12. Re1 Bf5 13. Qf3 Re8 14. Rxe8+ Qxe8
15. Be3 Nxe3 16. fxe3 g6 17. Nd2 b6 18. Rf1 c5 19. e4 b5 20. Bd5 Rb8 21. exf5
cxd4 22. fxg6 hxg6 23. Bxf7+ Qxf7 24. Qxf7+ Kh8 25. Rf3 Bxh2+ 26. Kxh2 Rf8 27.
Rh3# 1-0